|
|
|
|
| LEADER |
00000cam a2200000 c 4500 |
| 001 |
223314420 |
| 003 |
DE-627 |
| 005 |
20251222205614.0 |
| 007 |
tu |
| 008 |
970131s1998 xxu||||| 00| ||eng c |
| 010 |
|
|
|a 96053560
|
| 016 |
7 |
|
|a 0205165575
|2 UK
|
| 020 |
|
|
|a 0205165575
|9 0-205-16557-5
|
| 035 |
|
|
|a (DE-627)223314420
|
| 035 |
|
|
|a (DE-576)062123343
|
| 035 |
|
|
|a (DE-599)GBV223314420
|
| 035 |
|
|
|a (OCoLC)833073499
|
| 035 |
|
|
|a (OCoLC)36165156
|
| 040 |
|
|
|a DE-627
|b ger
|c DE-627
|e rakwb
|
| 041 |
|
|
|a eng
|
| 044 |
|
|
|c XD-US
|c XA-GB
|c XD-CA
|
| 050 |
|
0 |
|a HV6025
|
| 082 |
0 |
|
|a 364
|
| 084 |
|
|
|a 2,1
|2 ssgn
|
| 084 |
|
|
|a PH 8300
|2 rvk
|0 (DE-625)rvk/136497:
|
| 084 |
|
|
|a 86.41
|2 bkl
|
| 100 |
1 |
|
|a Barak, Gregg
|d 1948-
|0 (DE-588)133211169
|0 (DE-627)53867993X
|0 (DE-576)166684260
|4 aut
|
| 109 |
|
|
|a Barak, Gregg 1948-
|a Barak, Gregg L. 1948-
|
| 245 |
1 |
0 |
|a Integrating criminologies
|c Gregg Barak
|
| 264 |
|
1 |
|a Boston [u.a.]
|b Allyn and Bacon
|c c1998
|
| 300 |
|
|
|a XVI, 330 S.
|b Ill., graph. Darst.
|c 23 cm
|
| 336 |
|
|
|a Text
|b txt
|2 rdacontent
|
| 337 |
|
|
|a ohne Hilfsmittel zu benutzen
|b n
|2 rdamedia
|
| 338 |
|
|
|a Band
|b nc
|2 rdacarrier
|
| 500 |
|
|
|a Includes bibliographical references and indexes
|
| 583 |
1 |
|
|a Archivierung prüfen
|c 20200919
|f DE-640
|z 2
|2 pdager
|
| 653 |
|
0 |
|a Criminology
|
| 653 |
|
0 |
|a Crime
|
| 653 |
|
0 |
|a Crime
|a United States
|
| 935 |
|
|
|i Blocktest
|
| 936 |
r |
v |
|a PH 8300
|b Kriminalbiologie; Kriminalanthropologie; Kriminalethologie; Kriminalpsychologie; Kriminalsoziologie, Abweichendes Verhalten/Soziologie; Labeling approach; Radikale Kriminologie, Kritische Kriminologie
|k Rechtswissenschaft
|k Strafrecht, Strafverfahrensrecht, Kriminologie
|k Kriminologie
|k Kriminalitätstheorien
|k Kriminalbiologie; Kriminalanthropologie; Kriminalethologie; Kriminalpsychologie; Kriminalsoziologie, Abweichendes Verhalten/Soziologie; Labeling approach; Radikale Kriminologie, Kritische Kriminologie
|0 (DE-627)1271739763
|0 (DE-625)rvk/136497:
|0 (DE-576)201739763
|
| 936 |
b |
k |
|a 86.41
|j Kriminologie
|0 (DE-627)181572001
|
| 951 |
|
|
|a BO
|
| ELC |
|
|
|b 1
|
| LOK |
|
|
|0 000 xxxxxcx a22 zn 4500
|
| LOK |
|
|
|0 001 3214095641
|
| LOK |
|
|
|0 003 DE-627
|
| LOK |
|
|
|0 004 223314420
|
| LOK |
|
|
|0 005 19981010000000
|
| LOK |
|
|
|0 008 971027||||||||||||||||ger|||||||
|
| LOK |
|
|
|0 040
|a DE-21
|c DE-627
|d DE-21
|
| LOK |
|
|
|0 852
|a DE-21
|
| LOK |
|
|
|0 852 1
|c KB 19 A 6127
|9 00
|
| LOK |
|
|
|0 935
|a krim
|
| LOK |
|
|
|0 936ln
|a k1.4
|
| LOK |
|
|
|0 939
|a 27-10-97
|b l01
|
| LOK |
|
|
|0 000 xxxxxcx a22 zn 4500
|
| LOK |
|
|
|0 001 3214095684
|
| LOK |
|
|
|0 003 DE-627
|
| LOK |
|
|
|0 004 223314420
|
| LOK |
|
|
|0 005 19980909000000
|
| LOK |
|
|
|0 008 980518||||||||||||||||ger|||||||
|
| LOK |
|
|
|0 040
|a DE-Frei85
|c DE-627
|d DE-Frei85
|
| LOK |
|
|
|0 852
|a DE-Frei85
|
| LOK |
|
|
|0 852 1
|m p
|9 00
|
| LOK |
|
|
|0 938
|k p
|
| LOK |
|
|
|0 939
|a 18-05-98
|b l01
|
| ORI |
|
|
|a SA-MARC-krimdoka001.raw
|
| SIG |
|
|
|a UB: KB 19 A 6127
|